UM Logo

Cognitive predictors of kindergarten achievement in African American children / (Record no. 23888)

MARC details
000 -LEADER
fixed length control field 01023nam a22002417a 4500
003 - CONTROL NUMBER IDENTIFIER
control field OSt
005 - DATE AND TIME OF LATEST TRANSACTION
control field 20250926110430.0
008 - FIXED-LENGTH DATA ELEMENTS--GENERAL INFORMATION
fixed length control field 250926b |||||||| |||| 00| 0 eng d
040 ## - CATALOGING SOURCE
Transcribing agency 0
082 ## - DEWEY DECIMAL CLASSIFICATION NUMBER
Classification number DPer 370.15 J826 October-November 2019 v. 111 n. 7-8
100 ## - MAIN ENTRY--PERSONAL NAME
Personal name Blankson, Nayena A.
Relator term author.
9 (RLIN) 68174
245 ## - TITLE STATEMENT
Title Cognitive predictors of kindergarten achievement in African American children /
Statement of responsibility, etc. A. Nayena Blankson, Jessica A. Gudmundson, and Memuna Kondeh.
260 ## - PUBLICATION, DISTRIBUTION, ETC. (IMPRINT)
Place of publication, distribution, etc. Washington, DC ;
Name of publisher, distributor, etc. American Psychological Association ,
Date of publication, distribution, etc. October 2019.
300 ## - PHYSICAL DESCRIPTION
Extent Volume 111, pages 1173-1283 :
Other physical details illustrations ;
Dimensions 28 cm.
500 ## - GENERAL NOTE
General note Journal of Educational Psychology, vol. 111, no. 7, pages 1273-1283, October 2019.
650 #0 - SUBJECT ADDED ENTRY--TOPICAL TERM
Topical term or geographic name as entry element Achievement tests.
9 (RLIN) 68175
650 #0 - SUBJECT ADDED ENTRY--TOPICAL TERM
Topical term or geographic name as entry element African American children.
9 (RLIN) 68176
650 #0 - SUBJECT ADDED ENTRY--TOPICAL TERM
Topical term or geographic name as entry element Predictor variables.
9 (RLIN) 67044
700 ## - ADDED ENTRY--PERSONAL NAME
Personal name Blankson, Nayena A.
Relator term author.
9 (RLIN) 68174
700 ## - ADDED ENTRY--PERSONAL NAME
Personal name Gudmundson, Jessica A.
Relator term author.
9 (RLIN) 68177
700 ## - ADDED ENTRY--PERSONAL NAME
Personal name Kondeh, Memuna.
Relator term author.
9 (RLIN) 68178
942 ## - ADDED ENTRY ELEMENTS (KOHA)
Source of classification or shelving scheme Dewey Decimal Classification
Koha item type Periodicals
Holdings
Withdrawn status Lost status Source of classification or shelving scheme Damaged status Not for loan Collection code Home library Current library Date acquired Total Checkouts Full call number Date last seen Price effective from Koha item type Public note
    Dewey Decimal Classification     Periodicals UM Digos College - LIC UM Digos College - LIC 09/26/2025   DPer 370.15 J826 October-November 2019 v. 111 n. 7-8 09/26/2025 09/26/2025 Periodicals Periodical Article